| 000 | 00452nam a2200181Ia 4500 | ||
|---|---|---|---|
| 008 | 090123s9999 xx 000 0 und d | ||
| 082 | _b39820 | ||
| 100 | _aJO CONDRILL | ||
| 245 | _aCOMMUNICATION SKILLS INSTANTLY | ||
| 250 | _a0 | ||
| 260 | _bJAICO PUBLISHING HOUSE | ||
| 300 | _a32 | ||
| 600 | _aJO CONDRILL | ||
| 630 | _aCOMMUNICATION SKILLS INSTANTLY | ||
| 700 | _aJO CONDRILL | ||
| 730 | _aCOMMUNICATION SKILLS INSTANTLY | ||
| 942 | _cBOOK | ||
| 999 |
_c77892 _d77892 |
||